000 00970nam a22003017a 4500
001 BR7700821
003 BR-BrBNA
005 20230928085202.0
007 ta
008 230509b bl.||||| |||| 00| 0 por d
040 _aBR-BrBNA
_bpor
_cBiblioteca Nacional de Agricultura
041 _a(Por)
072 _aF22
090 _ F22 BR7700821
100 1 _aAlbuquerque, G.A.C. de
110 1 _aEscola Superior de Agricultura Luiz de Queiroz, Piracicaba, SP (Brasil)
_0Tese (Mestre em Solos e Nutricao de Plantas)
245 1 _aDecomposicao de residuos organicos em solos arenosos medida pelo teor de carbono e relacao C/N
260 3 _aPiracicaba, SP (Brasil):
_c1976.
300 _a67 p.
500 _a12 illus.; 23 tables; 36 ref.; Summaries (Eng, Por); Microficha
650 _aQuimica do solo
650 _aSolo arenoso
650 _aDecomposicao
650 _aCarbono
650 _aNitrogenio
909 _a202309
_bLucia
_c55
_dLucia Elande
942 _cBK
999 _c23182
_d23182